| 000 | 00000nam##2200000za#4500 |
| 001 | 9.686006 |
| 003 | CaOODSP |
| 005 | 20210624230336 |
| 007 | cr ||||||||||| |
| 008 | 150407|1998||||xxc|||||o f|0| 0 eng|d |
| 040 | |aCaOODSP|beng |
| 043 | |an-cn--- |
| 086 | 1 |aF2-148/1998E-IN |
| 110 | 1 |aCanada. |bDepartment of Finance. |
| 245 | 10|aDemutualization regime for Canadian life insurance companies : |h[electronic resource]|bconsultation paper |
| 260 | |aOttawa - Ontario : |bFinance Canada |c1998. |
| 300 | |a40p. (115 KB) |
| 500 | |a"Demutualization is a process by which a mutual company converts to a stock company. The resulting more flexible corporate structure should serve to improve the company's competitiveness and efficiency and provide greater opportunities to expand its lines of business, invest in new technologies, increase market penetration, and fund new acquisitions."--Preface. |
| 520 | 3 |aDemutualization is a process by which a mutual company converts to a stock company. The resulting more flexible corporate structure should serve to improve the company's competitiveness and efficiency and provide greater opportunities to expand its lines of business, invest in new technologies, increase market penetration, and fund new acquisitions.--Preface |
| 590 | |a01-06|b2001-02-09 |
| 690 | 07|aMutual insurance companies|2gcpds |
| 690 | 07|aLife insurance|2gcpds |
| 690 | 07|aCompetitiveness|2gcpds |
| 775 | 08|tRégime de démutualisation des mutuelles d'assurance-vie canadiennes : |w(CaOODSP)9.630575 |
| 856 | 40|ahttp://publications.gc.ca|qPDF|s115 KB|uhttps://publications.gc.ca/collections/Collection/F2-148-1998E.pdf |